Music Quiz

Random Music or Lyrics Quiz

Beatles Lyrics Challenge Quiz Stats

 Plays Quiz Updated Jan 15, 2016

Challenge
Share
Tweet
Embed
Score 0/36 Timer 10:00
3 Plays Today
% Correct
standing
80.4%
feeling
79.4%
doing
75.5%
making
74.2%
bringing
73.8%
falling
73.1%
asking
73%
missing
70.3%
staring
69.9%
driving
69.3%
telling
68.9%
having
68.4%
leaving
67%
hoping
63.4%
waiting
62.9%
knowing
62.8%
trying
60.8%
thinking
60.2%
% Correct
wandering
59.8%
looking
59.5%
loving
56.9%
going
56.3%
seeing
55.1%
sleeping
52.9%
talking
52.1%
putting
51.3%
sitting
43.6%
crying
42.6%
kissing
39.5%
running
38.6%
walking
38.4%
speaking
37.3%
holding
36.5%
dreaming
36.2%
dying
36.1%
keeping
32%

You're not logged in!

Compare scores with friends on all Sporcle quizzes.
OR
Log In

You Might Also Like...

Show Comments

Extras

Top Quizzes Today


Score Distribution

Your Account Isn't Verified!

In order to create a playlist on Sporcle, you need to verify the email address you used during registration. Go to your Sporcle Settings to finish the process.

Report this User

Report this user for behavior that violates our Community Guidelines.

Details: